MARC details
| 000 -CABECERA |
| campo de control de longitud fija |
01049nam a2200265 a 4500 |
| 001 - NÚMERO DE CONTROL |
| campo de control |
000004955 |
| 005 - FECHA Y HORA DE LA ÚLTIMA TRANSACCIÓN |
| campo de control |
20240605121153.0 |
| 008 - DATOS DE LONGITUD FIJA--INFORMACIÓN GENERAL |
| campo de control de longitud fija |
090728s2004 dr acd 001 0 spa d |
| 040 ## - FUENTE DE LA CATALOGACIÓN |
| Centro catalogador/agencia de origen |
DO-SdBNP |
| Lengua de catalogación |
spa |
| Centro/agencia transcriptor |
BNPHU |
| 082 ## - NÚMERO DE LA CLASIFICACIÓN DECIMAL DEWEY |
| Número de clasificación |
303.4 |
| Número de documento/Ítem |
P438e, 2004 |
| 100 1# - ENTRADA PRINCIPAL--NOMBRE DE PERSONA |
| Nombre de persona |
Pérez Sánchez, Manuel de Jesús |
| 9 (RLIN) |
14312 |
| 245 10 - MENCIÓN DE TÍTULO |
| Título |
Estrategias de cambio policial : |
| Resto del título |
prevención del crimen y respeto a los derechos individuales / |
| Mención de responsabilidad, etc. |
Manuel de Jesús Pérez Sánchez. |
| 246 13 - FORMA VARIANTE DE TÍTULO |
| Título propio/Titulo breve |
prevención del crimen y respeto a los derechos individuales |
| 250 ## - MENCIÓN DE EDICIÓN |
| Mención de edición |
2a ed. |
| 260 ## - PUBLICACIÓN, DISTRIBUCIÓN, ETC. |
| Lugar de publicación, distribución, etc. |
Santo Domingo : |
| Nombre del editor, distribuidor, etc. |
Pérez Sánchez Asociados, |
| Fecha de publicación, distribución, etc. |
2004. |
| 300 ## - DESCRIPCIÓN FÍSICA |
| Extensión |
734 p. : |
| Otras características físicas |
il., gráf., retrs. ; |
| Dimensiones |
22 cm. |
| 500 ## - NOTA GENERAL |
| Nota general |
Incluye referencias bibliográficas y notas al pie de las páginas |
| 500 ## - NOTA GENERAL |
| Nota general |
Incluye datos biográficos del autor en al contracubierta |
| 500 ## - NOTA GENERAL |
| Nota general |
Incluye índice |
| 650 #0 - PUNTO DE ACCESO ADICIONAL DE MATERIA--TÉRMINO DE MATERIA |
| Término de materia o nombre geográfico como elemento de entrada |
Cambio social |
| 9 (RLIN) |
1661 |
| 650 #4 - PUNTO DE ACCESO ADICIONAL DE MATERIA--TÉRMINO DE MATERIA |
| Término de materia o nombre geográfico como elemento de entrada |
Derecho civil |
| 9 (RLIN) |
3574 |
| 650 #4 - PUNTO DE ACCESO ADICIONAL DE MATERIA--TÉRMINO DE MATERIA |
| Término de materia o nombre geográfico como elemento de entrada |
Planificación social |
| 9 (RLIN) |
14313 |
| 650 #4 - PUNTO DE ACCESO ADICIONAL DE MATERIA--TÉRMINO DE MATERIA |
| Término de materia o nombre geográfico como elemento de entrada |
Reforma del estado |
| 9 (RLIN) |
2976 |
| 650 #0 - PUNTO DE ACCESO ADICIONAL DE MATERIA--TÉRMINO DE MATERIA |
| Término de materia o nombre geográfico como elemento de entrada |
Políticas públicas |
| 9 (RLIN) |
67064 |